Psychiatric Medications by Brand Name - Statistics

General Stats
  • This quiz has been taken 82 times
    23 since last reset
  • The average score is 12 of 81
Answer Stats
Brand Name Generic % Correct
Zoloft sertraline
88%
Wellbutrin bupropion
53%
Prozac fluoxetine
53%
Lyrica pregabalin
47%
Seroquel quetiapine
47%
Klonopin clonazepam
41%
Valium diazepam
41%
Lexapro escitalopram
41%
Zyprexa olanzapine
41%
Risperdol risperidone
41%
Xanax alprazolam
35%
Abilify aripiprazole
35%
Clozaril clozapine
29%
Luvox fluvoxamine
29%
Neurontin gabapentin
29%
Haldol haloperidol
29%
Lamictal lamotrigine
29%
Ativan lorazepam
29%
Ritalin methylphenidate
29%
Remeron mirtazapine
29%
Paxil paroxetine
29%
Ambien zolpidem
29%
Strattera atomoxetine
24%
Celexa citalopram
24%
Cymbalta duloxetine
24%
Spravato esketamine
24%
Vyvanse lisdexamfetamine
24%
Methadose methadone
24%
Thorazine chlorpromazine
18%
Dexedrine dextroamphetamine
18%
Restoril temazepam
18%
Desyril trazodone
18%
Effexor venlafaxine
18%
Elavil amitriptyline
12%
Pristiq desvenlafaxine
12%
Eskalith lithium carbonate
12%
Rexulti brexpiprazole
6%
Suboxone buprenorphine
6%
Anafranil clomipramine
6%
Focalin dexmethylphenidate
6%
Aricept donepezil
6%
Lunesta eszopiclone
6%
Vistaril hydroxyzine
6%
Tofranil imipramine
6%
Namenda memantine
6%
Provigil modafinil
6%
Vivitrol naltrexone
6%
Pamelor nortriptyline
6%
Topamax topiramate
6%
Halcion triazolam
6%
Qelbree viloxazine
6%
Trintellix vortioxetine
6%
Sonata zaleplon
6%
Campral acamprosate
0%
Nuvigil armodafinil
0%
Saphris asenapine
0%
Cogentin benztropine
0%
Tegretol carbamazepine
0%
Vraylar cariprazine
0%
Librium chlordiazepoxide
0%
Austedo deutetrabenazine
0%
Antabuse disulfiram
0%
Depakote divalproex sodium
0%
Prolixin fluphenazine
0%
Fanapt iloperidone
0%
Marplan isocarboxazid
0%
Fetzima levomilnacipran
0%
Loxitane loxapine
0%
Caplyta lumateperone
0%
Latuda lurasidone
0%
Moban molindone
0%
Serax oxazepam
0%
Trileptal oxcarbazepine
0%
Invega paliperidone
0%
Emsam selegiline
0%
Belsomra suvorexant
0%
Mellaril thioridazine
0%
Navane thiothixene
0%
Ingrezza valbenazine
0%
Viibryd vilazodone
0%
Geodon ziprasidone
0%
No matching quizzes found
Score Distribution
Percent of People with Each Score
Percentile by Number Answered
Your Score History
You have not taken this quiz since the last reset